[Event "Andorra op 39th"]
[Site "Escaldes"]
[Date "2023.07.30"]
[Round "9"]
[White "Urriza Iricibar, Pablo"]
[Black "Persson, Andreas"]
[Result "1-0"]
[WhiteElo "2257"]
[BlackElo "2135"]
[PlyCount "75"]
[EventDate "2023.07.22"]
[EventType "swiss"]
[EventRounds "9"]
[EventCountry "AND"]
[SourceTitle "CBM 215 Extra"]
[Source "ChessBase"]
[SourceDate "2023.09.30"]
[SourceVersion "1"]
[SourceVersionDate "2023.09.30"]
[SourceQuality "1"]

1. e4 c6 2. d4 d5 3. exd5 cxd5 4. c4 Nf6 5. Nc3 Nc6 6. Bf4 a6 7. c5 g6 8. Nf3 Bg7 9. Ne5 Nh5 10. Nxc6 bxc6 11. Bg5 h6 12. Be3 e5 13. Be2 Nf4 14. Bf3 0-0 15. dxe5 Bxe5 16. g3 Ne6 17. Bxh6 Re8 18. Kf1 Nxc5 19. h4 Rb8 20. Rc1 Qd6 21. b3 Bf5 22. Kg2 Nd3 23. Rc2 Nxf2 24. Rxf2 Bxc3 25. h5 Be5 26. g4 Bd7 27. Qd3 Rb4 28. Bd1 Bxg4 29. Rh4 Bxd1 30. hxg6 f6 31. Bf4 Qd7 32. Qxd1 Qg7 33. Qg4 f5 34. Qxf5 Rxf4 35. Rhxf4 Bxf4 36. Rxf4 Re2+ 37. Kf1 Qe7 38. Qf7+ 1-0

[Event "Andorra op 39th"]
[Site "Escaldes"]
[Date "2023.07.28"]
[Round "7"]
[White "Persson, Andreas"]
[Black "Krivenko, Dion"]
[Result "1-0"]
[WhiteElo "2135"]
[BlackElo "2250"]
[PlyCount "81"]
[EventDate "2023.07.22"]
[EventType "swiss"]
[EventRounds "9"]
[EventCountry "AND"]
[SourceTitle "CBM 215 Extra"]
[Source "ChessBase"]
[SourceDate "2023.09.30"]
[SourceVersion "1"]
[SourceVersionDate "2023.09.30"]
[SourceQuality "1"]

1. d4 Nf6 2. Nf3 g6 3. g3 Bg7 4. Bg2 0-0 5. 0-0 d6 6. b3 a5 7. Bb2 a4 8. c4 c6 9. b4 Nbd7 10. a3 e5 11. dxe5 Ng4 12. Qc2 Ndxe5 13. Nbd2 h5 14. Rad1 Qe7 15. Ne4 Bf5 16. Nh4 Bxe4 17. Bxe4 Qe6 18. Rc1 Bh6 19. e3 Bxe3 20. fxe3 Nxe3 21. Qc3 N3xc4 22. Ba1 Rad8 23. Bg2 Rfe8 24. Rce1 d5 25. Qd4 Qg4 26. Rf4 Qg5 27. Bf1 Nxa3 28. Rxe5 Rxe5 29. Qxe5 Qxe5 30. Bxe5 g5 31. Rf3 Nc2 32. Nf5 Nxb4 33. Nh6+ Kh7 34. Nxf7 Ra8 35. Nxg5+ Kg8 36. Bh3 Re8 37. Be6+ Rxe6 38. Nxe6 Nc2 39. Rf8+ Kh7 40. Nf4 Kh6 41. h4 1-0

[Event "Andorra op 39th"]
[Site "Escaldes"]
[Date "2023.07.23"]
[Round "2"]
[White "Zoler, Dan"]
[Black "Persson, Andreas"]
[Result "1-0"]
[WhiteElo "2461"]
[BlackElo "2135"]
[PlyCount "51"]
[EventDate "2023.07.22"]
[EventType "swiss"]
[EventRounds "9"]
[EventCountry "AND"]
[SourceTitle "CBM 215 Extra"]
[Source "ChessBase"]
[SourceDate "2023.09.30"]
[SourceVersion "1"]
[SourceVersionDate "2023.09.30"]
[SourceQuality "1"]

1. d4 d5 2. c4 e6 3. Nf3 Nf6 4. g3 dxc4 5. Bg2 c5 6. 0-0 Nc6 7. Ne5 Bd7 8. Na3 cxd4 9. Naxc4 Be7 10. Qb3 Qc7 11. Bf4 Nh5 12. Bxc6 bxc6 13. Nxf7 Nxf4 14. Nxh8 Rb8 15. Qc2 d3 16. exd3 Rb5 17. d4 Nh3+ 18. Kg2 Rh5 19. Qe2 g6 20. Ne5 c5 21. Nhf7 Bc8 22. dxc5 Qxc5 23. Rac1 Bb7+ 24. f3 Qb6 25. Qd2 Qb5 26. Rc7 1-0

[Event "Warsaw Najdorf Memorial op-A"]
[Site "Warsaw"]
[Date "2023.07.15"]
[Round "5"]
[White "Persson, Andreas"]
[Black "Babiarz, Arkadiusz"]
[Result "0-1"]
[WhiteElo "2135"]
[BlackElo "1976"]
[PlyCount "150"]
[EventDate "2023.07.11"]
[EventType "swiss"]
[EventRounds "9"]
[EventCountry "POL"]
[SourceTitle "EXT 2024"]
[Source "ChessBase"]
[SourceDate "2023.10.10"]
[SourceVersion "1"]
[SourceVersionDate "2023.10.10"]
[SourceQuality "1"]

1. d4 d5 2. Nf3 Nf6 3. g3 c5 4. Bg2 cxd4 5. 0-0 h6 6. b3 e6 7. Bb2 Bc5 8. Nxd4 e5 9. Nf3 e4 10. Nd4 0-0 11. c4 Re8 12. Na3 Nc6 13. Nxc6 bxc6 14. cxd5 cxd5 15. Rc1 Qa5 16. Nc2 Be6 17. a3 Bb6 18. Nd4 Bd7 19. Nc6 Bxc6 20. Rxc6 Rac8 21. Qc2 Rxc6 22. Qxc6 Re6 23. Qc8+ Re8 24. Qc2 Qa6 25. Bh3 d4 26. Rd1 Rd8 27. Bf5 Qb5 28. Bh3 d3 29. exd3 exd3 30. Bf1 Ng4 31. Rxd3 Bxf2+ 32. Kh1 Re8 33. Qc3 Qg5 34. h4 Qg6 35. Rf3 Be1 36. Qd4 Ne5 37. Re3 Bxg3 38. Bd3 Nxd3 39. Rxe8+ Kh7 40. Qxg7+ Qxg7 41. Bxg7 Kxg7 42. h5 Nf4 43. Re5 Kf6 44. Ra5 Bf2 45. Kh2 Bb6 46. Rb5 Bc7 47. Kh1 Ke6 48. a4 Nd5 49. Rc5 Kd6 50. Rc4 a5 51. Re4 f5 52. Re8 Bb6 53. Kh2 Nf6 54. Rh8 Be3 55. Ra8 Bb6 56. Rh8 Ke5 57. Kg2 Be3 58. Kf3 Bd2 59. Rd8 Bb4 60. Rh8 Nxh5 61. Rxh6 Nf6 62. Rh8 Ne4 63. Re8+ Kd4 64. Rc8 Bd2 65. Ke2 Bb4 66. Rc4+ Ke5 67. Rc8 Nc5 68. Re8+ Kd4 69. Rf8 Ke4 70. Re8+ Kf4 71. Re3 Kg4 72. Kf2 f4 73. Rf3 Ne4+ 74. Kg2 Nd2 75. Rd3 f3+ 0-1

[Event "Warsaw Najdorf Memorial op-A"]
[Site "Warsaw"]
[Date "2023.07.13"]
[Round "3"]
[White "Chomczyk, Marek"]
[Black "Persson, Andreas"]
[Result "1-0"]
[WhiteElo "2277"]
[BlackElo "2135"]
[PlyCount "51"]
[EventDate "2023.07.11"]
[EventType "swiss"]
[EventRounds "9"]
[EventCountry "POL"]
[SourceTitle "EXT 2024"]
[Source "ChessBase"]
[SourceDate "2023.10.10"]
[SourceVersion "1"]
[SourceVersionDate "2023.10.10"]
[SourceQuality "1"]

1. c4 c6 2. g3 d5 3. Nf3 Nf6 4. Bg2 dxc4 5. 0-0 Nbd7 6. Qc2 Nb6 7. Na3 Be6 8. Ne5 Qd4 9. Nxc6 bxc6 10. Bxc6+ Nfd7 11. Bxa8 Nxa8 12. d3 Nab6 13. dxc4 Nxc4 14. Rd1 Qc5 15. Qe4 Ndb6 16. Nxc4 Qxc4 17. Rd4 Qc8 18. Be3 Bf5 19. Qf3 e5 20. Rdd1 Bd7 21. Rac1 Qb8 22. Bxb6 axb6 23. Rxd7 Kxd7 24. Qxf7+ Kd6 25. Rd1+ Kc6 26. Qd5+ 1-0

[Event "Barcelona Sant Marti op-A 22nd"]
[Site "Barcelona"]
[Date "2022.07.18"]
[Round "6"]
[White "Persson, Andreas"]
[Black "Shah, Vishwa Megh"]
[Result "1-0"]
[WhiteElo "2154"]
[BlackElo "1931"]
[PlyCount "81"]
[EventDate "2022.07.13"]
[EventType "swiss"]
[EventRounds "9"]
[EventCountry "ESP"]
[SourceTitle "CBM 209 Extra"]
[Source "ChessBase"]
[SourceDate "2022.09.30"]
[SourceVersion "1"]
[SourceVersionDate "2022.09.30"]
[SourceQuality "1"]

1. d4 Nf6 2. Nf3 g6 3. g3 Bg7 4. Bg2 0-0 5. 0-0 d6 6. b3 c6 7. Bb2 Qa5 8. Nbd2 Qh5 9. e4 Bg4 10. Qe2 Nbd7 11. Rfe1 e5 12. Qf1 exd4 13. Bxd4 c5 14. Bc3 Rfe8 15. h3 Bxf3 16. Bxf3 Qg5 17. Bg2 Nh5 18. Bxg7 Nxg7 19. Nc4 Re6 20. h4 Qf6 21. Bh3 Re7 22. Rad1 Ne5 23. Rxd6 Nf3+ 24. Kh1 Ne6 25. e5 Qg7 26. Re3 b5 27. Rxf3 Nd4 28. Rxd4 cxd4 29. Nd6 Qxe5 30. Nxb5 a6 31. Na3 Qa5 32. Nc4 Qxa2 33. Qd3 Qa1+ 34. Kh2 Re1 35. Bg2 Rd8 36. Qd2 Qd1 37. Qf4 Rf8 38. Ne5 Qc1 39. Qf6 Qd2 40. Nxf7 Ree8 41. Qh8# 1-0

[Event "Barcelona Sant Marti op-A 22nd"]
[Site "Barcelona"]
[Date "2022.07.17"]
[Round "5"]
[White "Vedant, Nitin Vekhande"]
[Black "Persson, Andreas"]
[Result "1/2-1/2"]
[WhiteElo "1731"]
[BlackElo "2154"]
[PlyCount "196"]
[EventDate "2022.07.13"]
[EventType "swiss"]
[EventRounds "9"]
[EventCountry "ESP"]
[SourceTitle "CBM 209 Extra"]
[Source "ChessBase"]
[SourceDate "2022.09.30"]
[SourceVersion "1"]
[SourceVersionDate "2022.09.30"]
[SourceQuality "1"]

1. e4 e5 2. Nf3 Nc6 3. Bb5 a6 4. Bxc6 dxc6 5. d4 exd4 6. Qxd4 Qxd4 7. Nxd4 Bd7 8. Be3 0-0-0 9. Nd2 Ne7 10. 0-0-0 Re8 11. Rhe1 c5 12. Ne2 Ng6 13. f3 Ne5 14. Bf4 Ng6 15. Bg3 h5 16. Nf4 Ne5 17. Nd5 h4 18. Bxe5 Rxe5 19. Nc4 Re6 20. Nce3 Bd6 21. Rh1 b6 22. Nf5 Bf8 23. g3 h3 24. Nfe3 g6 25. Rhe1 Bg7 26. Rd2 Bc6 27. c3 a5 28. Kc2 Kb7 29. Nf4 Ree8 30. Ng4 g5 31. Nd5 f5 32. Nf2 Rh6 33. Ne3 fxe4 34. Nf5 e3 35. Rxe3 Rxe3 36. Nxe3 Bxf3 37. Nf5 Rg6 38. Nxg7 Rxg7 39. Nxh3 Be4+ 40. Kd1 Bf5 41. Ng1 Kc6 42. Nf3 Bg4 43. Rf2 Kd5 44. Kc2 Ke4 45. Nd2+ Ke3 46. Rf6 Be2 47. Re6+ Kf2 48. Ne4+ Kg2 49. Nxg5 Bg4 50. Re5 Kxh2 51. Ne4 Rf7 52. Kb3 Bf3 53. Ng5 Bd1+ 54. Ka3 Rg7 55. Ne4 Bf3 56. Nd2 Bb7 57. Re3 Kg2 58. Nb3 Kf2 59. Re6 Kxg3 60. Rf6 Kg4 61. Nd2 Kg5 62. Rf1 Rd7 63. Rf2 Kg6 64. Nc4 Re7 65. Nd2 Bd5 66. c4 Re3+ 67. b3 Bc6 68. Kb2 Kg7 69. Kc2 Be8 70. Nf3 Bg6+ 71. Kb2 Be4 72. Nd2 Bd3 73. Kc3 Bf5+ 74. Kb2 Kf6 75. Nb1 Ke5 76. Nc3 Be4 77. Rf7 Kd6 78. Nb5+ Ke6 79. Rf2 c6 80. Nc3 Kd6 81. Rf6+ Ke5 82. Rf7 Kd4 83. Rd7+ Ke5 84. Nxe4 Kxe4 85. Rb7 a4 86. Rxb6 axb3 87. axb3 Kd4 88. Rxc6 Re2+ 89. Ka3 Re8 90. Rh6 Kc3 91. Rh3+ Kc2 92. Rh2+ Kc3 93. Rh3+ Kc2 94. Ka4 Rb8 95. Rh5 Rb4+ 96. Ka5 Kxb3 97. Rxc5 Rxc4 98. Rxc4 Kxc4 1/2-1/2

[Event "Barcelona Sant Marti op-A 22nd"]
[Site "Barcelona"]
[Date "2022.07.14"]
[Round "2"]
[White "Persson, Andreas"]
[Black "Kovchan, Alexander"]
[Result "0-1"]
[WhiteElo "2154"]
[BlackElo "2468"]
[PlyCount "162"]
[EventDate "2022.07.13"]
[EventType "swiss"]
[EventRounds "9"]
[EventCountry "ESP"]
[SourceTitle "CBM 209 Extra"]
[Source "ChessBase"]
[SourceDate "2022.09.30"]
[SourceVersion "1"]
[SourceVersionDate "2022.09.30"]
[SourceQuality "1"]

1. d4 Nf6 2. Nf3 g6 3. g3 d5 4. Bg2 c6 5. 0-0 Bg7 6. b3 0-0 7. c4 Bf5 8. Bb2 Nbd7 9. e3 Ne4 10. Qe2 Qa5 11. Rc1 Rfc8 12. Nc3 Nxc3 13. Bxc3 Qa6 14. Bf1 dxc4 15. bxc4 c5 16. a4 cxd4 17. exd4 Qe6 18. Qb2 Bg4 19. Nd2 Qb6 20. Nb3 Qc7 21. Qd2 Nf6 22. Re1 Bf5 23. Bb4 e6 24. Bg2 Rab8 25. Nc5 Nd7 26. Ba5 Qd6 27. Nxb7 Qxd4 28. Rac1 Nc5 29. Nd6 Qxd2 30. Bxd2 Rd8 31. Nxf5 Rxd2 32. Nxg7 Kxg7 33. Rb1 Rxb1 34. Rxb1 a6 35. Bf1 Ra2 36. Rb4 Rxa4 37. Rb6 Kf6 38. Rc6 Ra5 39. Rc7 e5 40. h4 h5 41. Rc6+ Ke7 42. Bg2 e4 43. Rc7+ Ke6 44. Bh3+ f5 45. Rc6+ Kf7 46. Bf1 Ne6 47. c5 Rxc5 48. Rxa6 Nd4 49. Ra4 Nf3+ 50. Kg2 Ne1+ 51. Kh3 Rc1 52. Ra7+ Kf6 53. Ra6+ Kg7 54. Ra7+ Kh6 55. Ra2 Nf3 56. Kg2 Rc6 57. Be2 Nd4 58. Bd1 Kg7 59. Rd2 Rd6 60. Ra2 Kf6 61. Ra8 Ne6 62. Bb3 Nc5 63. Bc4 Rd4 64. Bg8 Rd2 65. Kf1 Nd3 66. Ra2 Rxa2 67. Bxa2 f4 68. Bd5 Kf5 69. Bc6 Ne5 70. Bb7 Nd3 71. Bc6 e3 72. Bd7+ Ke5 73. fxe3 fxe3 74. Ke2 Kd4 75. Bb5 Nc1+ 76. Kd1 Na2 77. Be8 Nc3+ 78. Ke1 Ne4 79. g4 hxg4 80. Bxg6 g3 81. Kf1 e2+ 0-1

[Event "Barcelona Sant Marti op-A 22nd"]
[Site "Barcelona"]
[Date "2022.07.13"]
[Round "1"]
[White "Borrellas Comellas, Josep"]
[Black "Persson, Andreas"]
[Result "0-1"]
[WhiteElo "1817"]
[BlackElo "2154"]
[PlyCount "52"]
[EventDate "2022.07.13"]
[EventType "swiss"]
[EventRounds "9"]
[EventCountry "ESP"]
[SourceTitle "CBM 209 Extra"]
[Source "ChessBase"]
[SourceDate "2022.09.30"]
[SourceVersion "1"]
[SourceVersionDate "2022.09.30"]
[SourceQuality "1"]

1. e4 e5 2. Nf3 Nc6 3. d4 exd4 4. Nxd4 Nf6 5. Nc3 Bb4 6. Nxc6 bxc6 7. Bd3 d5 8. exd5 0-0 9. 0-0 cxd5 10. Bg5 c6 11. Qf3 Bd6 12. h3 Rb8 13. Rab1 Re8 14. Na4 Be6 15. b3 c5 16. c3 h6 17. Bf4 Qc7 18. Bxh6 Nd7 19. Be3 Ne5 20. Qd1 Nxd3 21. Qxd3 Rbd8 22. Qc2 Qc8 23. h4 Bf5 24. Qd2 Bxb1 25. Rxb1 d4 26. Bf4 Qf5 0-1

[Event "Solta op 5th"]
[Site "Grohote"]
[Date "2022.07.10"]
[Round "9"]
[White "Persson, Andreas"]
[Black "Doric, Nenad"]
[Result "1-0"]
[WhiteElo "2154"]
[BlackElo "2231"]
[PlyCount "103"]
[EventDate "2022.07.02"]
[EventType "swiss"]
[EventRounds "9"]
[EventCountry "CRO"]
[SourceTitle "EXT 2023"]
[Source "ChessBase"]
[SourceDate "2022.10.05"]
[SourceVersion "1"]
[SourceVersionDate "2022.10.05"]
[SourceQuality "1"]

1. d4 d5 2. Nf3 Nf6 3. g3 Bf5 4. Bg2 e6 5. c4 c6 6. Nc3 h6 7. Qb3 Qb6 8. c5 Qxb3 9. axb3 Be7 10. b4 0-0 11. h3 a6 12. g4 Bh7 13. Bf4 Nbd7 14. Nd2 Rac8 15. Nb3 Bd8 16. Bd6 Re8 17. f4 Bc7 18. Bxc7 Rxc7 19. Bf3 Ne4 20. h4 Nxc3 21. bxc3 Nf6 22. Kf2 Be4 23. h5 Bxf3 24. exf3 Nh7 25. Rae1 Kf8 26. Re2 f5 27. Kg3 fxg4 28. fxg4 Ke7 29. Nd2 Kd8 30. Rhe1 Rce7 31. Re3 Nf6 32. Kh4 Kd7 33. g5 Nh7 34. Nf3 Kd8 35. Ne5 Nf8 36. g6 Kc7 37. Nf7 Nd7 38. Nd6 Rf8 39. f5 Rf6 40. Rxe6 Rfxe6 41. Rxe6 Rxe6 42. fxe6 Nf6 43. Nf5 Ne8 44. Kg3 b6 45. Kf4 bxc5 46. dxc5 Kd8 47. Ke5 Kc7 48. Nd6 Nf6 49. e7 Kd7 50. e8Q+ Nxe8 51. Nxe8 Kxe8 52. Kd6 1-0

[Event "Solta op 5th"]
[Site "Grohote"]
[Date "2022.07.03"]
[Round "2"]
[White "Brkic, Ante"]
[Black "Persson, Andreas"]
[Result "1-0"]
[WhiteElo "2611"]
[BlackElo "2154"]
[PlyCount "61"]
[EventDate "2022.07.02"]
[EventType "swiss"]
[EventRounds "9"]
[EventCountry "CRO"]
[SourceTitle "EXT 2023"]
[Source "ChessBase"]
[SourceDate "2022.10.05"]
[SourceVersion "1"]
[SourceVersionDate "2022.10.05"]
[SourceQuality "1"]

1. e4 e5 2. Nf3 Nc6 3. Bb5 a6 4. Ba4 Nf6 5. 0-0 Be7 6. d3 b5 7. Bb3 d6 8. Bd2 0-0 9. h3 Bb7 10. a3 Qd7 11. Nc3 Nd8 12. Ne2 Ne6 13. Ng3 Rfe8 14. Ng5 Nxg5 15. Bxg5 h6 16. Bxf6 Bxf6 17. Qh5 Rf8 18. f4 exf4 19. Rxf4 Be5 20. Rf3 Bxg3 21. Rxg3 Kh7 22. Rf1 g6 23. Qh4 Rae8 24. Rf6 d5 25. Qf4 c5 26. exd5 Bxd5 27. Bxd5 Qxd5 28. Rf3 Kg7 29. Rxa6 Re2 30. Rd6 Qa2 31. Rxg6+ 1-0

[Event "SWE-chT 1920 Superettan"]
[Site "Sweden"]
[Date "2020.10.17"]
[Round "8"]
[White "Persson, Andreas"]
[Black "Dahlstedt, Anders"]
[Result "1-0"]
[WhiteElo "2078"]
[BlackElo "1757"]
[PlyCount "111"]
[EventDate "2019.10.18"]
[EventType "team-tourn"]
[EventRounds "9"]
[EventCountry "SWE"]
[SourceTitle "EXT 2023"]
[Source "ChessBase"]
[SourceDate "2022.10.05"]
[SourceVersion "1"]
[SourceVersionDate "2022.10.05"]
[SourceQuality "1"]
[WhiteTeam "Kristallen"]
[BlackTeam "Norrkoping Schack 08"]
[WhiteTeamCountry "SWE"]
[BlackTeamCountry "SWE"]

1. d4 Nf6 2. Nf3 g6 3. g3 d5 4. Bg2 Bg7 5. 0-0 Na6 6. c4 c6 7. b3 Bf5 8. Bb2 dxc4 9. Ne5 cxb3 10. Qxb3 0-0 11. Nd2 Nc7 12. Ndc4 Rb8 13. Rfd1 Be6 14. Qc2 Nd7 15. Nd3 Qc8 16. Nf4 Bxc4 17. Qxc4 Nb6 18. Qb3 Qf5 19. a4 Qd7 20. Rac1 Nbd5 21. Nd3 Rfc8 22. Nc5 Qe8 23. e3 b6 24. Nd3 Bh6 25. Ne5 Ne6 26. Nxc6 Nf6 27. Nxb8 Rxb8 28. Ba3 Bf8 29. Qc4 Ng5 30. d5 Qd7 31. Qh4 h6 32. Bb2 Qf5 33. Bxf6 exf6 34. Qf4 Rd8 35. Qxf5 gxf5 36. Rc4 Bc5 37. h4 Nh7 38. Bh3 Kg7 39. Bxf5 Nf8 40. Kg2 Nd7 41. Bxd7 Rxd7 42. Kf3 f5 43. g4 fxg4+ 44. Rxg4+ Kf8 45. Rf4 Be7 46. Kg4 Rd6 47. h5 a6 48. Rc4 b5 49. axb5 axb5 50. Rc8+ Kg7 51. e4 Ra6 52. e5 Ra4+ 53. f4 Re4 54. Kf5 Rc4 55. Rg1+ Kh7 56. Rxc4 1-0

[Event "SWE-chT 1920 Superettan"]
[Site "Sweden"]
[Date "2020.02.29"]
[Round "6"]
[White "Andersson, Fredrik1111"]
[Black "Persson, Andreas"]
[Result "1-0"]
[WhiteElo "2264"]
[BlackElo "2078"]
[PlyCount "103"]
[EventDate "2019.10.18"]
[EventType "team-tourn"]
[EventRounds "9"]
[EventCountry "SWE"]
[SourceTitle "EXT 2023"]
[Source "ChessBase"]
[SourceDate "2022.10.05"]
[SourceVersion "1"]
[SourceVersionDate "2022.10.05"]
[SourceQuality "1"]
[WhiteTeam "Kungstornet"]
[BlackTeam "Kristallen"]
[WhiteTeamCountry "SWE"]
[BlackTeamCountry "SWE"]

1. d4 Nf6 2. c4 e6 3. Nc3 Bb4 4. e3 0-0 5. Nge2 c6 6. a3 Ba5 7. b4 Bc7 8. Ng3 d5 9. cxd5 exd5 10. Bd3 Re8 11. Qc2 Nbd7 12. 0-0 a5 13. b5 c5 14. e4 cxd4 15. Nxd5 Nxd5 16. exd5 Nf8 17. Bb2 Bb6 18. Be4 Bd7 19. a4 g6 20. Rad1 Rc8 21. Qd3 f5 22. Bf3 Qf6 23. Bxd4 Bxd4 24. Qxd4 Qxd4 25. Rxd4 Rc2 26. Rfd1 Kf7 27. Nf1 Rec8 28. Ne3 R2c5 29. Be2 Kf6 30. Nc4 Ra8 31. Nb6 Re8 32. Bf3 g5 33. g3 Rb8 34. Re1 Rc3 35. Bg2 Rc2 36. h3 Rd8 37. Bf3 Ng6 38. d6 f4 39. g4 Be6 40. Bxb7 Ne5 41. Kg2 Nf7 42. d7 Rb8 43. Nd5+ Bxd5+ 44. Bxd5 Nd8 45. Be4 Rc5 46. Bxh7 Re5 47. Rxe5 Kxe5 48. Rc4 Rb7 49. Bf5 Kd6 50. Rc8 Ke7 51. Ra8 Rc7 52. Rxa5 1-0

[Event "Hastings Masters op 95th"]
[Site "Hastings"]
[Date "2019.12.30"]
[Round "3"]
[White "Persson, Andreas"]
[Black "Jennings, Richard"]
[Result "1-0"]
[WhiteElo "2112"]
[BlackElo "1903"]
[PlyCount "63"]
[EventDate "2019.12.28"]
[EventType "swiss"]
[EventRounds "9"]
[EventCountry "ENG"]
[SourceTitle "CBM 194 Extra"]
[Source "ChessBase"]
[SourceDate "2020.03.31"]
[SourceVersion "1"]
[SourceVersionDate "2020.03.31"]
[SourceQuality "1"]

1. d4 d6 2. Nf3 Nf6 3. g3 Nbd7 4. Bg2 e5 5. dxe5 dxe5 6. Nc3 c6 7. 0-0 Be7 8. a4 a5 9. Nd2 0-0 10. Nc4 Qc7 11. Be3 Rd8 12. Qc1 Bc5 13. Rd1 Re8 14. h3 Bf8 15. Qd2 Re6 16. f4 Nh5 17. f5 Re8 18. Ne4 Nhf6 19. Ned6 Bxd6 20. Nxd6 Rd8 21. Nc4 Re8 22. g4 b6 23. Qd6 Qxd6 24. Nxd6 Rd8 25. Bxc6 Rb8 26. g5 Nh5 27. Nxc8 Rdxc8 28. Bxd7 Rxc2 29. Rd2 Rc4 30. Bb5 Re4 31. Rad1 g6 32. Rd8+ 1-0

[Event "Hastings Masters op 95th"]
[Site "Hastings"]
[Date "2019.12.28"]
[Round "1"]
[White "Persson, Andreas"]
[Black "Rudd, Jack"]
[Result "0-1"]
[WhiteElo "2112"]
[BlackElo "2331"]
[PlyCount "108"]
[EventDate "2019.12.28"]
[EventType "swiss"]
[EventRounds "9"]
[EventCountry "ENG"]
[SourceTitle "CBM 194 Extra"]
[Source "ChessBase"]
[SourceDate "2020.03.31"]
[SourceVersion "1"]
[SourceVersionDate "2020.03.31"]
[SourceQuality "1"]

1. d4 d6 2. Nf3 Nf6 3. g3 g6 4. Bg2 Bg7 5. 0-0 0-0 6. c4 Nc6 7. Nc3 a6 8. b3 Rb8 9. Nd5 Nd7 10. Bb2 b5 11. Rc1 bxc4 12. Rxc4 Na5 13. Rc2 c6 14. Ne3 Nf6 15. Ne1 Bd7 16. Nd3 Qb6 17. Qa1 Rfc8 18. b4 Nb7 19. Nc4 Qa7 20. e4 d5 21. Nd2 dxe4 22. Nxe4 Nxe4 23. Bxe4 Nd6 24. Bg2 Bf5 25. Rd1 Bxd3 26. Rxd3 Rxb4 27. Qe1 Rcb8 28. Ba1 Nf5 29. Rxc6 Nxd4 30. Bxd4 Bxd4 31. Rc2 e5 32. h4 Qb6 33. Kh2 Rb1 34. Qe2 Rb2 35. Rdd2 Rxc2 36. Rxc2 a5 37. Bd5 Rd8 38. Qf3 Rd7 39. Rc6 Qb2 40. Kg2 Qxf2+ 41. Qxf2 Bxf2 42. Bb3 Be1 43. Kf3 Kg7 44. Rc1 Bb4 45. Ke4 Re7 46. g4 f6 47. Rc8 h5 48. gxh5 f5+ 49. Kd5 gxh5 50. Kc6 e4 51. Rg8+ Kf6 52. Bd1 Re6+ 53. Kb5 f4 54. Bxh5 Re5+ 0-1

[Event "Barbera del Valles op 42nd"]
[Site "Barbera del Valles"]
[Date "2019.07.08"]
[Round "5"]
[White "Persson, Andreas"]
[Black "Ortega Serra, Marc"]
[Result "0-1"]
[WhiteElo "2095"]
[BlackElo "2329"]
[PlyCount "70"]
[EventDate "2019.07.04"]
[EventType "swiss"]
[EventRounds "9"]
[EventCountry "ESP"]
[SourceTitle "CBM 191 Extra"]
[Source "ChessBase"]
[SourceDate "2019.09.30"]
[SourceVersion "1"]
[SourceVersionDate "2019.09.30"]
[SourceQuality "1"]

1. d4 d5 2. Nc3 e6 3. Bf4 Bb4 4. e3 Nf6 5. Bd3 c5 6. dxc5 Nbd7 7. Nf3 Qa5 8. 0-0 Bxc3 9. bxc3 Qxc5 10. Qe2 Nh5 11. c4 Nxf4 12. exf4 dxc4 13. Bxc4 0-0 14. Rab1 Qc7 15. Ne5 Nf6 16. Rb3 b6 17. Rh3 Bb7 18. Bd3 g6 19. Re1 Qc5 20. c4 Rad8 21. Rg3 Rd4 22. Qe3 Be4 23. Bf1 Rfd8 24. Rg5 Qc7 25. Qb3 Bb7 26. f5 exf5 27. Qh3 Ne4 28. Rxf5 gxf5 29. Qxf5 Bc8 30. Qh5 f5 31. Nf3 Qf4 32. g3 Qg4 33. Qxg4+ fxg4 34. Nxd4 Rxd4 35. Bg2 Bf5 0-1

[Event "Berlin Spandau op"]
[Site "Berlin"]
[Date "2018.12.28"]
[Round "4"]
[White "Persson, Andreas"]
[Black "Retzlaff, Thomas"]
[Result "1/2-1/2"]
[WhiteElo "2121"]
[BlackElo "1880"]
[PlyCount "102"]
[EventDate "2018.12.27"]
[EventType "swiss"]
[EventRounds "7"]
[EventCountry "GER"]
[SourceTitle "CBM 188 Extra"]
[Source "ChessBase"]
[SourceDate "2019.02.26"]
[SourceVersion "1"]
[SourceVersionDate "2019.02.26"]
[SourceQuality "1"]

1. d4 d5 2. c4 Nc6 3. Nc3 Nf6 4. cxd5 Nxd5 5. e4 Nxc3 6. bxc3 e5 7. d5 Nb8 8. Nf3 Bd6 9. Be2 0-0 10. Nd2 Nd7 11. 0-0 Nc5 12. Bg4 Qf6 13. Bxc8 Raxc8 14. Qe2 Qg6 15. Rb1 b6 16. Re1 a5 17. Nb3 Nd7 18. c4 h6 19. f3 Nc5 20. Be3 Nxb3 21. Rxb3 f5 22. exf5 Qxf5 23. Bf2 Rce8 24. Qe4 Qxe4 25. Rxe4 Rf4 26. Be3 Rxe4 27. fxe4 Rf8 28. g3 Kh7 29. Kg2 g5 30. Rb5 Bb4 31. c5 Rc8 32. Kf3 c6 33. dxc6 bxc5 34. Bxc5 Rxc6 35. Bxb4 axb4 36. Rxb4 Rc2 37. a4 Rxh2 38. Rb5 Ra2 39. a5 h5 40. Rxe5 Ra3+ 41. Kg2 Kg6 42. Re6+ Kf7 43. Rh6 Rxa5 44. Rxh5 Kg6 45. Rh8 g4 46. Rg8+ Kh5 47. Rd8 Ra2+ 48. Kf1 Ra3 49. Kf2 Rf3+ 50. Kg2 Re3 51. Re8 Kg5 1/2-1/2

[Event "Berlin Spandau op"]
[Site "Berlin"]
[Date "2018.12.28"]
[Round "3"]
[White "Rejniak, Zuzanna"]
[Black "Persson, Andreas"]
[Result "1/2-1/2"]
[WhiteElo "1861"]
[BlackElo "2121"]
[PlyCount "88"]
[EventDate "2018.12.27"]
[EventType "swiss"]
[EventRounds "7"]
[EventCountry "GER"]
[SourceTitle "CBM 188 Extra"]
[Source "ChessBase"]
[SourceDate "2019.02.26"]
[SourceVersion "1"]
[SourceVersionDate "2019.02.26"]
[SourceQuality "1"]

1. e4 e5 2. Nf3 Nc6 3. Bc4 Bc5 4. 0-0 Nf6 5. d3 0-0 6. h3 d5 7. exd5 Nxd5 8. Re1 Nb6 9. Bb3 Bd6 10. Nc3 h6 11. Be3 Kh7 12. d4 exd4 13. Nxd4 Nxd4 14. Qxd4 Bf5 15. Nb5 Nc8 16. Nxd6 Qxd6 17. Qxd6 Nxd6 18. Bc5 Rfe8 19. Bxd6 cxd6 20. Rad1 Rxe1+ 21. Rxe1 Rc8 22. c3 Rc7 23. g4 Bc8 24. Rd1 Rd7 25. Bc2+ g6 26. f4 Kg7 27. Kf2 b6 28. f5 Bb7 29. Ba4 Rd8 30. fxg6 fxg6 31. Ke3 Kf6 32. h4 Ke5 33. Rf1 Bd5 34. Bc2 Rg8 35. h5 Be6 36. hxg6 Bxg4 37. Rf7 a5 38. g7 Be6 39. Re7 Kf6 40. Rb7 Rxg7 41. Rxb6 Rg2 42. Be4 Rg3+ 43. Kf2 Rh3 44. Rxd6 Ke5 1/2-1/2

[Event "Barcelona Sant Marti op-A 20th"]
[Site "Barcelona"]
[Date "2018.07.17"]
[Round "5"]
[White "Persson, Andreas"]
[Black "Miralles Brugues, Jordi"]
[Result "1-0"]
[WhiteElo "2126"]
[BlackElo "2011"]
[PlyCount "43"]
[EventDate "2018.07.13"]
[EventType "swiss"]
[EventRounds "9"]
[EventCountry "ESP"]
[SourceTitle "CBM 185 Extra"]
[Source "ChessBase"]
[SourceDate "2018.07.29"]
[SourceVersion "1"]
[SourceVersionDate "2018.07.29"]
[SourceQuality "1"]

1. d4 c5 2. d5 d6 3. c4 b5 4. cxb5 a6 5. bxa6 Bxa6 6. Nc3 Nf6 7. e4 Bxf1 8. Kxf1 Nbd7 9. Nf3 g6 10. g3 Bg7 11. Kg2 Qb6 12. a4 0-0 13. Qe2 Ne8 14. Bg5 f6 15. Be3 Nc7 16. Rhb1 Na6 17. Nd2 Nb4 18. Nc4 Qa6 19. Nb5 Nb6 20. Nxb6 Qxb6 21. Qc4 Ra5 22. Qxb4 1-0